[Event "BI-2012-F-00008"]
[Site "LSS email"]
[Date "2013.02.15"]
[Round "?"]
[White "Degterev, Pavel"]
[Black "Lehnberger, Karl"]
[Result "1/2-1/2"]
[WhiteElo "2216"]
[BlackElo "2168"]
[PlyCount "72"]
[EventDate "2013.02.20"]
[EventType "tourn (corr)"]
[EventRounds "10"]
[EventCountry "GER"]
[SourceTitle "Telechess CBM 167"]
[Source "ChessBase"]
[SourceDate "2015.07.13"]
[SourceVersion "1"]
[SourceVersionDate "2015.07.13"]
[SourceQuality "1"]

1. b4 e5 2. Bb2 Nf6 3. Bxe5 Bxb4 4. c4 Nc6 5. Bb2 d5 6. cxd5 Qxd5 7. a3 Ba5 8. Nc3 Qh5 9. e3 Bg4 10. Be2 0-0-0 11. Nf3 Rhe8 12. 0-0 Bxc3 13. Bxc3 Ne4 14. Qb3 Re6 15. Rfb1 b6 16. Qc2 Rd5 17. Rb4 Qf5 18. Rc4 b5 19. Rxe4 Qxe4 20. Qxe4 Rxe4 21. h3 Bf5 22. Bxg7 Re8 23. Rc1 Rg8 24. Bh6 Bxh3 25. g3 Rg6 26. Bf4 Bg4 27. d4 Kb7 28. Kg2 Rf5 29. Bd1 Rg8 30. Bc2 Rxf4 31. gxf4 Bh5+ 32. Ng5 f6 33. Bb3 Rg7 34. Rh1 fxg5 35. Rxh5 gxf4+ 36. Kf3 fxe3 1/2-1/2